| 000 | 00776cam a2200265 4500 | ||
|---|---|---|---|
| 001 | J2154 | ||
| 008 | 090401t1993 xxu||||| |||| 00| 0 eng d | ||
| 035 | _a(Sirsi) u47524 | ||
| 041 | _aeng | ||
| 110 |
_aEurope _bEuropean Communities Council _92364 |
||
| 245 | _aCouncil Regulation (EEC) No. 1552/93 of 14 June 1993 amending Regulation (EEC) No. 1765/92 establishing a support system for producers of certain arable crops. | ||
| 260 | _c1993 | ||
| 300 | _a1 sheet ; 30cm. | ||
| 350 | _a0 | ||
| 490 |
_aRegulation (EEC) _v1552/93 |
||
| 650 | _aEC REGULATIONS | ||
| 650 | _aEUROPEAN COMMUNITY | ||
| 650 | _aFLAX | ||
| 650 | _aLINSEED | ||
| 650 | _aSUBSIDIES | ||
| 650 | _aSUPPORT SYSTEMS | ||
| 690 | _aEUROPE-SINGLE MARKET | ||
| 942 | _n0 | ||
| 948 | _c04/03/1997 | ||
| 999 |
_c92143 _d92143 |
||